| 000 | 00522nam a2200169Ia 4500 | ||
|---|---|---|---|
| 003 | GCL | ||
| 008 | 140319s9999 xx 000 0 ara d | ||
| 040 |
_aGCL / _cGCL |
||
| 082 | 0 | 4 |
_a720.9 _bع ع |
| 100 | 1 | _aعفيف البهنسى | |
| 245 | 1 | 0 |
_aالعمارة عبر التاريخ / _cعفيف البهنسى |
| 260 |
_aسوريا : _bدار طلاس للدراسات والترجمة ، _c1987 |
||
| 300 |
_a303 ص: _bايض ؛ _c30 سم |
||
| 490 | _a | ||
| 650 | 0 | 4 | _aالعمارة- تاريخ |
| 942 |
_2ddc _cBK |
||
| 999 |
_c44416 _d44416 |
||